Die 20 größten Städte pro Landesteil im Vereinigtem Königreich - Statistiken

Allgemein
  • Dieses Quiz wurde 79 mal gespielt
  • Das Durchschnittsergebnis liegt bei 19 aus 80
Antwortstatistiken
Landesteil # Einwohner Stadt % Korrekt
England 1 8.869.898 London
97%
England 5 549.305 Manchester
96%
England 2 1.140.754 Birmingham
92%
England 3 571.733 Liverpool
92%
Schottland 1 590.507 Glasgow
90%
Schottland 2 459.366 Edinburgh
82%
Schottland 3 195.021 Aberdeen
79%
Wales 1 335.145 Cardiff
79%
England 7 500.155 Leeds
77%
Nordirland 1 337.210 Belfast
70%
England 6 541.763 Sheffield
70%
England 4 567.111 Bristol
69%
England 11 308.273 Nottingham
66%
England 8 464.395 Leicester
62%
England 15 271.173 Southampton
62%
England 19 242.352 Plymouth
58%
England 13 282.708 Newcastle upon Tyne
52%
Wales 2 239.000 Swansea
52%
Schottland 12 48.201 Inverness
49%
Schottland 4 147.285 Dundee
45%
Nordirland 2 85.080 Derry
42%
England 17 248.440 Portsmouth
35%
England 18 242.858 Brighton and Hove
28%
England 12 288.301 Kingston upon Hull
28%
England 16 262.971 Derby
27%
England 20 229.127 Northampton
25%
England 9 362.690 Coventry
24%
England 10 360.145 Bradford
23%
England 14 274.810 Stoke-on-Trent
23%
Wales 3 128.060 Newport
20%
Schottland 13 46.970 Perth
17%
Nordirland 5 63.480 Bangor
14%
Wales 4 61.603 Wrexham
13%
Schottland 20 36.142 Stirling
11%
Schottland 14 46.849 Ayr
8%
Schottland 8 53.188 Hamilton
7%
Schottland 15 46.159 Kilmarnock
7%
Nordirland 9 28.410 Newry
7%
Schottland 5 78.834 Paisley
7%
Schottland 11 49.706 Dunfermline
6%
Nordirland 6 49.890 Lisburn
6%
Schottland 7 56.269 Livingston
6%
Nordirland 17 15.980 Armagh
4%
Nordirland 7 31.270 Ballymena
4%
Schottland 6 74.395 East Kilbride
4%
Nordirland 20 13.800 Enniskillen
4%
Schottland 16 44.248 Greenock
4%
Schottland 10 49.709 Kirkcaldy
4%
Nordirland 12 24.660 Antrim
3%
Wales 5 54.673 Barry
3%
Wales 8 46.757 Bridgend
3%
Schottland 17 43.841 Coatbridge
3%
Nordirland 11 25.540 Coleraine
3%
Schottland 9 52.270 Cumbernauld
3%
Wales 7 46.915 Cwmbran
3%
Nordirland 18 15.860 Dungannon
3%
Nordirland 14 19.020 Larne
3%
Wales 6 50.658 Neath
3%
Nordirland 13 20.000 Omagh
3%
Schottland 19 37.132 Airdrie
1%
Nordirland 16 17.510 Banbridge
1%
Wales 11 41.402 Caerphilly
1%
Schottland 18 39.277 Glenrothes
1%
Wales 9 43.878 Llanelli
1%
Wales 10 43.820 Merthyr Tydfil
1%
Nordirland 4 67.200 Newtownabbey
1%
Nordirland 8 29.230 Newtownards
1%
Wales 17 27.226 Penarth
1%
Wales 12 37.276 Port Talbot
1%
Wales 14 29.748 Aberdare
0%
Wales 19 24.042 Blackwood
0%
Nordirland 10 27.460 Carrickfergus
0%
Wales 15 29.405 Colwyn Bay
0%
Nordirland 3 71.560 Craigavon
0%
Nordirland 15 17.700 Dundonald
0%
Wales 20 18.888 Maesteg
0%
Nordirland 19 15.320 Newtownbreda
0%
Wales 16 28.334 Pontypool
0%
Wales 13 30.457 Pontypridd
0%
Wales 18 25.149 Rhyl
0%
Keine übereinstimmenden Quizze gefunden
Verteilung der Resultate
Anzahl Personen mit jedem Resultat
Perzentil nach korrekt beantworteten Fragen
Ihre Resultats-Entwicklung
Sie haben dieses Quiz noch nicht gespielt